|
|
|
|
| LEADER |
00914nam a22002177a 4500 |
| 001 |
41892 |
| 003 |
BD-DhAAL |
| 008 |
231018t2022 bg a o000 0 eng |
| 040 |
|
|
|a BD-DhAAL
|c BD-DhAAL
|
| 082 |
0 |
0 |
|a 370.95492
|2 23
|
| 245 |
0 |
0 |
|a Pocket book on Bangladesh education statistics 2021
|
| 260 |
|
|
|a Dhaka :
|b Bangladesh Bureau of Educational Information & Statistics (BANBEIS),
|c 2022.
|
| 300 |
|
|
|a 280 pages ;
|c 14 cm.
|
| 541 |
|
|
|e 41892
|a Complimentary copy
|
| 610 |
1 |
0 |
|a Bangladesh
|t Specific Relief Act, 1877.
|9 19162
|
| 650 |
|
0 |
|a Education
|z Bangladesh
|x Statistics.
|9 19163
|
| 710 |
1 |
|
|a Bangladesh Bureau of Educational Information & Statistics
|9 19164
|
| 852 |
1 |
|
|a Ayesha Abed Library
|c General Stacks
|
| 942 |
|
|
|2 ddc
|c BK
|
| 999 |
|
|
|c 46238
|d 46238
|
| 952 |
|
|
|0 0
|1 0
|2 ddc
|4 0
|6 370_954920000000000_POC
|7 0
|9 74705
|a BRACUL
|b BRACUL
|c GEN
|d 2023-10-18
|e Complimentary copy
|l 0
|o 370.95492 POC
|p 3010041892
|r 2023-10-18
|t 1
|w 2023-10-18
|y BK
|